000 008010000a22001930004500
041 0 _aSPA
082 0 4 _aG 158.24 M244f
100 1 _aMaldonado, Jorge E.
245 1 0 _aLa familia como un sistema / Jorge E. Maldonado
260 _aQuito, Ecuador : Eirene
300 _a[pag. varía]
505 0 0 _a¿qué es un sistema? -- el desarrollo sistémico de la familia --la relación sistémica de la pareja -- sistema familiar e intervención terapéutica -- el enfoque estructural -- el enfoque comunicacional -- el enfoque intergeneracional -- el enfoque estratégico -- contextualización de la terapia familiar
650 1 4 _aPSICOTERAPIA FAMILIAR
001 1102
942 _cBK
999 _c32440
_d32440
336 _atexto
_btxt
_2rdacontent
337 _2rdamedia
_asin mediación
_bn
338 _2rdacarrier
_avolumen
_bnc